| Tag |
First Indicator |
Second Indicator |
Subfields |
| LEADER |
00000cam a2200000 4500 |
| 001 |
in00000039077 |
| 005 |
20151007081504.0 |
| 008 |
800424s1959 sz abc de 00000 ger c |
| 010 |
|
|
|a a 60000844
|
| 035 |
|
|
|a (OCoLC)06244032
|
| 035 |
|
|
|9 AAF6460AM
|
| 040 |
|
|
|a Illinois. Univ. Library
|c TXA
|d UtOrBLW
|
| 049 |
|
|
|a TXAM
|c [318385]
|
| 090 |
|
|
|a AG27
|b .W5 1959
|
| 092 |
|
|
|a 033
|b W645g, 1958
|
| 100 |
1 |
|
|a Wiegand, Erich.
|
| 245 |
1 |
4 |
|a Das grosse Buch des Wissens :
|b Lexikon in Wort und Bild.
|
| 250 |
|
|
|a 2. durchgesehene, verb. und erweiterte Aufl.
|
| 264 |
|
1 |
|a Olten :
|b Fackel-verlag,
|c [1959]
|
| 300 |
|
|
|a 1968 columns, 76 pages :
|b illustrations (part color) portraits, maps (part color) ;
|c 25 cm.
|
| 336 |
|
|
|a text
|b txt
|2 rdacontent
|
| 337 |
|
|
|a unmediated
|b n
|2 rdamedia
|
| 338 |
|
|
|a volume
|b nc
|2 rdacarrier
|
| 500 |
|
|
|a First edition published in 1956 under title: Omnibus. Bibliothek und Lexikon.
|
| 650 |
|
0 |
|a Encyclopedias and dictionaries, German.
|
| 999 |
|
|
|a MARS
|
| 999 |
f |
f |
|s 1acabd2f-26e6-3a23-9d81-ce444ec346d6
|i 50e94ed4-de5c-3a8a-ac9a-89833e78340b
|t 0
|
| 952 |
f |
f |
|p ric
|a Texas A&M University
|b Rellis Campus
|c Joint Library Facility
|d Remote Storage
|t 0
|e AG27 .W5 1959
|h Library of Congress classification
|i unmediated -- volume
|m A14800498690
|
| 998 |
f |
f |
|a AG27 .W5 1959
|t 0
|l Remote Storage
|